Физиология растений, как теория садоводства (Запись № 6422984)

Подробности
000 -МАРКЕР
контрольное поле 01524nam0a22002891 4500
001 - ИДЕНТИФИКАТОР ЗАПИСИ
контрольное поле rc\2690689
005 - ИДЕНТИФИКАТОР ВЕРСИИ
контрольное поле 20250623162501.0
035 ## - ДРУГИЕ СИСТЕМНЫЕ НОМЕРА
Идентификатор записи (NLR Aleph) 006818979
100 ## - ДАННЫЕ ОБЩЕЙ ОБРАБОТКИ
Данные общей обработки 20110915d1933 |||y0rusy50 ca
101 1# - ЯЗЫК РЕСУРСА
Язык текста, звукозаписи и т.д. русский
Язык оригинала немецкий
102 ## - СТРАНА ПУБЛИКАЦИИ ИЛИ ПРОИЗВОДСТВА
Страна публикации Российская Федерация
105 ## - ПОЛЕ КОДИРОВАННЫХ ДАННЫХ: ТЕКСТОВЫЕ МАТЕРИАЛЫ, МОНОГРАФИЧЕСКИЕ
Кодированные данные о монографическом текстовом документе ae z |||||
200 1# - ЗАГЛАВИЕ И СВЕДЕНИЯ ОБ ОТВЕТСТВЕННОСТИ
Основное заглавие Физиология растений, как теория садоводства
Первые сведения об ответственности Д-р Ганс Молиш проф. и дир. Ин-та физиологии растений при Венск. ун-те
Последующие сведения об ответственности Пер. с 6 нем. изд. учен. спец. Всес. ин-та растениеводства И. В. Красовской, И. И. Туманова
-- Под ред. Т. А. Красносельской-Максимовой
210 ## - ПУБЛИКАЦИЯ, РАСПРОСТРАНЕНИЕ И ДР.
Место издания, распространения и т.д. Москва
-- Ленинград
Имя издателя, распространителя и т. д. Сельхозгиз
Дата издания, распространения и т.д. 1933
Место изготовления Ленинград
Имя изготовителя тип. им. Володарского
215 ## - ФИЗИЧЕСКАЯ ХАРАКТЕРИСТИКА
Специфическое обозначение материала и объем Переплет, 344 с.
Другие сведения о физической характеристике ил.
Размеры 23х15 см.
300 ## - ОБЩИЕ ПРИМЕЧАНИЯ
Текст примечания На обороте тит. л.: "Pflanzenphysiologie als theorie der gartnerei. Von dr. Hans Molisch..."
700 #1 - ИМЯ ЛИЦА - ПЕРВИЧНАЯ ОТВЕТСТВЕННОСТЬ
Начальный элемент ввода Молиш
Часть имени, кроме начального элемента ввода Г.
Даты 1856-1937
Расширение инициалов личного имени Ганс
702 #1 - ИМЯ ЛИЦА - ВТОРИЧНАЯ ОТВЕТСТВЕННОСТЬ
Начальный элемент ввода Туманов
Часть имени, кроме начального элемента ввода И.И.
Код отношения Переводчик
702 #1 - ИМЯ ЛИЦА - ВТОРИЧНАЯ ОТВЕТСТВЕННОСТЬ
Код отношения Переводчик
Графика поля Кириллица
Материалы, к которым относится поле rus
Начальный элемент ввода Красовская
Часть имени, кроме начального элемента ввода И. В.
Даты 1896-1956
Расширение инициалов личного имени Ирина Владимировна
Системный номер авторитетной/нормативной записи 202116
Идентификатор авторитетной/нормативной записи RU\NLR\AUTH\770202167
702 #1 - ИМЯ ЛИЦА - ВТОРИЧНАЯ ОТВЕТСТВЕННОСТЬ
Начальный элемент ввода Красносельская-Максимова
Часть имени, кроме начального элемента ввода Т.А.
Код отношения Редактор
801 #0 - ИСТОЧНИК ЗАПИСИ
Страна Российская Федерация
Организация NLR
Правила каталогизации psbo
801 #1 - ИСТОЧНИК ЗАПИСИ
Страна Российская Федерация
Организация ELAR
Источник данных rusmarc
852 ## - МЕСТОНАХОЖДЕНИЕ И ШИФР ХРАНЕНИЯ
Идентификатор организации NLR
Шифр хранения (Call Number) 33-4/260
942 ## - ДОПОЛНИТЕЛЬНЫЕ ЭЛЕМЕНТЫ ЗАПИСИ (АБИС)
Тип экземпляра АБИС Книга
980 ## - КОЛЛЕКЦИЯ
Название коллекции Национальная библиография
Экземпляры
Тип экземпляра Дата поступления Библиотека постоянного хранения Библиотека текущего хранения Место хранения Шифр хранения Штрих-код Статус экземпляра
Книга 26.10.2013 РНБ (Садовая) РНБ (Садовая) Русский книжный фонд -Главное здание, Ленинский читальный зал 33-4/260 6818979-10